000 01497nam a2200349 i 4500
001 768714001
003 CO-MdFUSB
005 20220729130846.0
007 ta
008 220222t2000 ck |||| |||| 00| 0 spa d
020 _a[No incluye ISBN]
040 _aCO-MdFUSB
_bspa
_cCO-MdFUSB
_dCO-MdFUSBC
_erda
041 _aspa
082 _223
_a370
_bUN58
110 _aCentro de Ciencia y Tecnología de Antioquia
245 1 3 _aLa universidad y la escuela aprenden enseñando :
_breflexiones desde la experiencia del Servicio Social Educativo Universitario SSEU
_c/ Centro de Ciencia y Tecnología de Antioquia
264 1 _aMedellín, Colombia :
_bCentro de Ciencia y Tecnología de Antioquia,
_c[2000]
264 4 _c© 2000
300 _a79 páginas
_c; 23 cm
336 _2rdacontent
_atexto
_btxt
337 _2rdamedia
_asin mediación
_bn
338 _2rdacarrier
_avolumen
_bnc
505 _tOrgullo
_r/ Sergio Fajardo
505 _tEl Servicio Social Educativo Universitario: una relación contemporánea entre la universidad y la escuela.
_r/ Rafael Aubad López y Juan Manuel Valdés Barcha
505 _tLas tecnologías de información y comunicación: valor agregado al aprendizaje en la escuela.
_rClaudia María Zea Restrepo, María del Rosario Atuesta Vanegas.
563 _aRústico
650 0 _9970
_aEducación
_zMedellín (Colombia)
653 _aEscuela y universidad
653 _aTecnologías de la información. -- Educacón.
942 _cBK
945 _aJTF-925
999 _c67295
_d67295